[Event "TV Fischbek - SK Johanneum Eppendorf II"]
[Site "Landesliga Hamburg 2022/23"]
[Date "2023.05.06"]
[Round "8.35"]
[White "Zobel, Andrej"]
[Black "Kneip, Jakob"]
[Result "1/2-1/2"]
[WhiteElo "2060"]
[BlackElo "2123"]
[PlyCount "112"]

1. d4 d5 2. c4 e6 3. Nc3 a6 4. cxd5 exd5 5. Nf3 Be6 6. Bg5 Be7 7. Qb3 Nd7 8.
Bxe7 Nxe7 9. e3 O-O 10. Be2 c6 11. O-O h6 12. Qa3 Bf5 13. Rac1 Nb6 14. b3 Nbc8
15. Na4 Nd6 16. Nc5 Re8 17. Rfd1 Ng6 18. Qb4 a5 19. Qe1 Nf8 20. Ne5 f6 21. Ned3
Qe7 22. Nf4 g5 23. Nh5 Bg6 24. Nxb7 Nxb7 25. Rxc6 Ne6 26. Bf3 Qf7 27. Ng3 Qd7
28. Qc3 f5 29. h3 Kh7 30. Rc1 Re7 31. Rb6 Rf8 32. Qc6 Rd8 33. Be2 f4 34. Nf1
Qxc6 35. Rcxc6 Bf5 36. Ba6 Rdd7 37. Bb5 Rc7 38. Kh2 Nbd8 39. Rd6 Rb7 40. Rxb7
Rxb7 41. Rxd5 Nc7 42. Rxf5 Rxb5 43. Rxb5 Nxb5 44. Nd2 Nc3 45. g3 Kg6 46. gxf4
gxf4 47. Kg2 Kf5 48. Kf3 Ne6 49. h4 h5 50. Nc4 fxe3 51. fxe3 Nxa2 52. Nxa5 Nc3
53. Nb7 Ne4 54. b4 Nf8 55. Nc5 Nd2+ 56. Kg3 Ne4+ 1/2-1/2

[Event "TV Fischbek - SK Johanneum Eppendorf II"]
[Site "Landesliga Hamburg 2022/23"]
[Date "2023.05.06"]
[Round "8.36"]
[White "Rolf, Marco"]
[Black "Dumjahn, Carsten"]
[Result "0-1"]
[WhiteElo "2076"]
[BlackElo "1981"]
[PlyCount "32"]

1. d4 d5 2. c4 e6 3. Nc3 c5 4. cxd5 cxd4 5. Qa4+ Bd7 6. Qxd4 exd5 7. Qxd5 Nf6
8. Qb3 Na6 9. e3 Nc5 10. Qc2 Rc8 11. Bd2 b5 12. Rc1 b4 13. Nb5 Qa5 14. Nd4 Nce4
15. Bc4 Nxd2 16. Kxd2 b3+ 0-1

[Event "TV Fischbek - SK Johanneum Eppendorf II"]
[Site "Landesliga Hamburg 2022/23"]
[Date "2023.05.06"]
[Round "8.37"]
[White "Spaet, Alexander"]
[Black "Schneider, Alexander"]
[Result "0-1"]
[WhiteElo "2002"]
[BlackElo "2078"]
[PlyCount "64"]

1. e4 c6 2. d4 d5 3. f3 Qb6 4. a4 a5 5. e5 Bf5 6. g4 Bg6 7. h4 h5 8. g5 e6 9.
c3 c5 10. Bb5+ Nc6 11. Ne2 O-O-O 12. Be3 cxd4 13. Bxd4 Nxd4 14. cxd4 Bb4+ 15.
Nbc3 f6 16. Nf4 Bf5 17. Kf1 fxe5 18. dxe5 Qe3 19. Nd3 Bxd3+ 20. Qxd3 Qxe5 21.
Kg2 Bd6 22. Ne2 Bc7 23. Rac1 Ne7 24. f4 Qd6 25. Rc3 Kb8 26. Rhc1 Rc8 27. Kh3 e5
28. fxe5 Qxe5 29. Ng3 Qe6+ 30. Kg2 Ng6 31. Qe3 Nxh4+ 32. Kh2 Qxe3 0-1

[Event "TV Fischbek - SK Johanneum Eppendorf II"]
[Site "Landesliga Hamburg 2022/23"]
[Date "2023.05.06"]
[Round "8.38"]
[White "Peters, Thomas"]
[Black "Schmidt, Armin"]
[Result "1-0"]
[WhiteElo "1901"]
[BlackElo "1971"]
[PlyCount "93"]

1. Nc3 d5 2. e4 c6 3. f4 dxe4 4. Nxe4 Nf6 5. Nf2 h5 6. Nf3 Bf5 7. Bd3 e6 8. Qe2
Be7 9. Bxf5 exf5 10. b3 O-O 11. Bb2 Re8 12. Ne5 Ng4 13. Nfxg4 hxg4 14. O-O-O f6
15. Ng6 Bc5 16. Qc4+ Qd5 17. Qxd5+ cxd5 18. Nh4 Nc6 19. Nxf5 Re2 20. g3 d4 21.
Rde1 Rf2 22. a3 Rd8 23. b4 Bb6 24. Kd1 d3 25. c4 Nd4 26. Bxd4 Bxd4 27. Re4 Bb2
28. Ke1 Rg2 29. Nh4 Re2+ 30. Rxe2 dxe2 31. Kxe2 Bxa3 32. Rb1 b6 33. Nf5 a5 34.
Ne7+ Kf7 35. Nd5 axb4 36. Nxb6 Rh8 37. Rh1 Bb2 38. Kd3 Rb8 39. Nd5 f5 40. Rb1
Ba3 41. c5 Ke6 42. Kc4 Rh8 43. Re1+ Kd7 44. Re7+ Kc8 45. c6 b3 46. Nb6+ Kb8 47.
Rb7# 1-0

[Event "TV Fischbek - SK Johanneum Eppendorf II"]
[Site "Landesliga Hamburg 2022/23"]
[Date "2023.05.06"]
[Round "8.39"]
[White "Mueller, Mark-Finn"]
[Black "Serrer, David"]
[Result "1/2-1/2"]
[WhiteElo "2033"]
[BlackElo "1789"]
[PlyCount "35"]

1. e4 e5 2. Nf3 Nc6 3. Bc4 Nf6 4. d3 Bc5 5. c3 O-O 6. b4 Bb6 7. O-O d6 8. Nbd2
h6 9. Re1 Ne7 10. Bb3 Ng6 11. Nc4 Be6 12. a4 c6 13. Nxb6 Bxb3 14. Qxb3 axb6 15.
Qc2 b5 16. Be3 bxa4 17. Rxa4 Rxa4 18. Qxa4 1/2-1/2

[Event "TV Fischbek - SK Johanneum Eppendorf II"]
[Site "Landesliga Hamburg 2022/23"]
[Date "2023.05.06"]
[Round "8.40"]
[White "Schermer, Denis"]
[Black "Markovic, Daniel"]
[Result "1/2-1/2"]
[WhiteElo "2021"]
[BlackElo "1940"]
[PlyCount "89"]

1. d4 d5 2. c4 c6 3. Nf3 Nf6 4. e3 Bf5 5. Nc3 e6 6. Nh4 Bg6 7. Be2 dxc4 8. Nxg6
hxg6 9. Bxc4 Nbd7 10. Bb3 Qc7 11. g3 Be7 12. Bd2 O-O-O 13. Qf3 Nb6 14. O-O-O
Kb8 15. e4 Rxd4 16. Bf4 Rxd1+ 17. Rxd1 e5 18. Bg5 Rf8 19. Kb1 Nbd7 20. a3 Nc5
21. Ba2 Qc8 22. h4 Ne6 23. Be3 Rd8 24. Rxd8 Bxd8 25. g4 Nd4 26. Qg3 Bc7 27.
Bxf7 Qxg4 28. Bxg6 b6 29. Bg5 Qe6 30. h5 Bd6 31. Qd3 Kb7 32. Ne2 Nxe2 33. Qxe2
Qg4 34. Qxg4 Nxg4 35. Bh4 Bc5 36. Bf5 Nh6 37. Be6 Kc7 38. Kc2 Kd6 39. Bh3 a5
40. a4 Bd4 41. b3 b5 42. Kd3 Bb6 43. f3 Nf7 44. Bc8 Nd8 45. Bxd8 1/2-1/2

[Event "SK Johanneum Eppendorf II - Hamburger SK V"]
[Site "Landesliga Hamburg 2022/23"]
[Date "2023.05.07"]
[Round "9.1"]
[White "Engel, Robert"]
[Black "Wenzel, Birger"]
[Result "0-1"]
[WhiteElo "2132"]
[BlackElo "2013"]
[PlyCount "62"]

1. e4 c6 2. d4 d5 3. e5 Bf5 4. Nf3 e6 5. Be2 Nd7 6. O-O a5 7. Be3 a4 8. Nbd2 a3
9. b3 Bb4 10. Nb1 f6 11. Bd2 Bxd2 12. Qxd2 fxe5 13. dxe5 Ne7 14. c4 O-O 15. Re1
Ng6 16. cxd5 exd5 17. Bd3 Bxd3 18. Qxd3 Qb6 19. Nc3 Rae8 20. e6 Nc5 21. Qd4 Rf4
22. Qd2 Rxf3 23. gxf3 Nxe6 24. Ne2 Nh4 25. Qd3 Ng5 26. Rf1 Nh3+ 27. Kh1 Nxf2+
28. Rxf2 Qxf2 29. Nf4 Re1+ 30. Rxe1 Qxe1+ 31. Qf1 Qxf1# 0-1

[Event "SK Johanneum Eppendorf II - Hamburger SK V"]
[Site "Landesliga Hamburg 2022/23"]
[Date "2023.05.07"]
[Round "9.2"]
[White "Johannsen, Dennis"]
[Black "Fuhrmann, Bahne"]
[Result "1/2-1/2"]
[WhiteElo "2082"]
[BlackElo "2066"]
[PlyCount "77"]

1. Nf3 Nf6 2. d4 g6 3. Bf4 Bg7 4. h3 d5 5. e3 c5 6. c3 Qb6 7. Qb3 c4 8. Qxb6
axb6 9. Bxb8 Rxb8 10. Na3 Bf5 11. Be2 O-O 12. Bd1 Ne4 13. Nc2 g5 14. Nb4 e6 15.
Bc2 h6 16. Rd1 Rfe8 17. Nd2 Nf6 18. Bxf5 exf5 19. O-O Bf8 20. Nc2 Bd6 21. Rfe1
Re6 22. Kf1 g4 23. hxg4 fxg4 24. g3 b5 25. a3 Kg7 26. Kg2 Rbe8 27. Rh1 Kg6 28.
Rh4 h5 29. Rdh1 Rh8 30. Kf1 Rh7 31. Ne1 Nd7 32. Ke2 f5 33. Ng2 Re8 34. R4h2
Reh8 35. Kd1 Nf8 36. Ke2 Kg5 37. Nf1 Nd7 38. Nd2 Nf8 39. Nf1 1/2-1/2

[Event "SK Johanneum Eppendorf II - Hamburger SK V"]
[Site "Landesliga Hamburg 2022/23"]
[Date "2023.05.07"]
[Round "9.3"]
[White "Klaas, Heiko"]
[Black "Enxing, Simon"]
[Result "0-1"]
[WhiteElo "1950"]
[BlackElo "2160"]
[PlyCount "102"]

1. e4 c5 2. Nc3 e6 3. Nf3 a6 4. g3 Nc6 5. Bg2 Qc7 6. O-O Nf6 7. d4 cxd4 8. Nxd4
Be7 9. Be3 Ne5 10. Bf4 d6 11. a4 b6 12. Qe2 Bb7 13. Nf3 O-O 14. Rfd1 Rfd8 15.
Rd4 Rac8 16. Rad1 Nxf3+ 17. Bxf3 e5 18. R4d2 exf4 19. gxf4 g6 20. Kh1 Qc4 21.
Qe1 Re8 22. Rd4 Qc5 23. Qg1 b5 24. R1d2 Bf8 25. Qg2 b4 26. Ne2 d5 27. exd5 Qd6
28. f5 Bg7 29. fxg6 hxg6 30. R4d3 Nd7 31. Bg4 Rcd8 32. Bxd7 Rxd7 33. Qf3 Bxb2
34. Rd1 Rde7 35. Nf4 Re4 36. Ng2 Bc8 37. h3 a5 38. Re3 Bf5 39. Kg1 Rxe3 40.
Nxe3 Be4 41. Qe2 Re5 42. Ng4 Rxd5 43. Rb1 f5 44. Ne3 Rd2 45. Qc4+ Kg7 46. Rxb2
Qf4 47. Qf1 Qf3 48. Qg2 Qxe3 49. Qxg6+ Kxg6 50. fxe3 Rxc2 51. Rb3 Kh5 0-1

[Event "SK Johanneum Eppendorf II - Hamburger SK V"]
[Site "Landesliga Hamburg 2022/23"]
[Date "2023.05.07"]
[Round "9.4"]
[White "Zobel, Andrej"]
[Black "Avdic, Faris"]
[Result "1-0"]
[WhiteElo "2060"]
[BlackElo "2100"]
[PlyCount "39"]

1. d4 Nf6 2. c4 Nc6 3. Nf3 e6 4. Nc3 Bb4 5. e3 O-O 6. Bd3 d6 7. O-O Bxc3 8.
bxc3 e5 9. Nd2 b6 10. f4 Re8 11. fxe5 dxe5 12. Qf3 Qd7 13. Ne4 Bb7 14. Qxf6
Nxd4 15. Qg5 Nf3+ 16. gxf3 Qxd3 17. Nf6+ Kh8 18. Nxe8 Rxe8 19. e4 Qxc3 20. Bd2
1-0

[Event "SK Johanneum Eppendorf II - Hamburger SK V"]
[Site "Landesliga Hamburg 2022/23"]
[Date "2023.05.07"]
[Round "9.5"]
[White "Fuhrmann, Aake"]
[Black "Seidel, Mika"]
[Result "1-0"]
[WhiteElo "1998"]
[BlackElo "1975"]
[PlyCount "87"]

1. d4 Nf6 2. c4 g6 3. Nc3 d5 4. Nf3 Bg7 5. Qb3 dxc4 6. Qxc4 a6
7. Bf4 c6 8. e4 b5 9. Qd3 Bb7 10. Be2 O-O 11. O-O Nbd7 12. e5 Nh5 13. Be3 c5
14. e6 fxe6 15. Ng5 c4 16. Qc2 Nf4 17. Bxf4 Rxf4 18. Nxe6 Qb8 19. Nxf4 Qxf4 20.
Rad1 Rf8 21. Qd2 Qh4 22. Qe3 e5 23. d5 Nf6 24. Qb6 Bc8 25. a4 bxa4 26. Qc5 Ng4
27. h3 Nf6 28. Qxc4 e4 29. Nxa4 Bxh3 30. gxh3 Qg5+ 31. Kh1 Qh4 32. d6+ Kh8 33.
Qb3 Nh5 34. d7 Nf4 35. Qg3 Qd8 36. Rfe1 Be5 37. Qe3 Qh4 38. d8=Q Rxd8 39. Rxd8+
Qxd8 40. Qxe4 Qg5 41. Bg4 Nd3 42. Qxd3 Qf4 43. Qd8+ Kg7 44. Qe7+ 1-0

[Event "SK Johanneum Eppendorf II - Hamburger SK V"]
[Site "Landesliga Hamburg 2022/23"]
[Date "2023.05.07"]
[Round "9.6"]
[White "Dumjahn, Carsten"]
[Black "Reyes Mantilla, Andres Mauricio"]
[Result "1-0"]
[WhiteElo "1981"]
[BlackElo "1921"]
[PlyCount "77"]

1. d4 Nf6 2. Nf3 d5 3. g3 c5 4. Bg2 cxd4 5. O-O h6 6. Nxd4 e5 7. Nb3 Nc6 8. c4
d4 9. e3 a5 10. exd4 a4 11. Nc5 Qxd4 12. Be3 Qxb2 13. Nd2 Qa3 14. Nde4 Nxe4 15.
Nxe4 Be7 16. c5 O-O 17. Qc2 Nd4 18. Bxd4 exd4 19. Rfd1 Rd8 20. Rd3 Qb4 21. Rc1
Be6 22. a3 Qa5 23. Qb2 f5 24. Nd6 Bxd6 25. cxd6 Rxd6 26. Rxd4 Rxd4 27. Qxd4 Rd8
28. Qe3 Rd6 29. Bxb7 Qd8 30. Re1 Kh7 31. Bf3 Bc8 32. Qc5 Rd3 33. Kg2 Bd7 34.
Re7 Qf8 35. Qe5 Bc8 36. Be2 Rxa3 37. Bc4 Rc3 38. Rf7 Bb7+ 39. Kh3 1-0

[Event "SK Johanneum Eppendorf II - Hamburger SK V"]
[Site "Landesliga Hamburg 2022/23"]
[Date "2023.05.07"]
[Round "9.7"]
[White "Foo, Tzun Hong"]
[Black "Schmidt, Armin"]
[Result "1/2-1/2"]
[WhiteElo "1940"]
[BlackElo "1971"]
[PlyCount "91"]

1. e4 c6 2. d4 d5 3. exd5 cxd5 4. c4 Nf6 5. Nc3 Nc6 6. Be3 e6
7. a3 Be7 8. Bd3 dxc4 9. Bxc4 O-O 10. Nge2 a6 11. O-O b5 12. Bd3 Bb7 13. Rc1 b4
14. Ne4 bxa3 15. Nxf6+ Bxf6 16. bxa3 Ne7 17. Qb3 Qd5 18. Qxd5 Nxd5 19. Rb1 Bc6
20. Rfc1 Rfc8 21. Ng3 Be7 22. Rb3 a5 23. Bb5 a4 24. Rbb1 Bxb5 25. Rxb5 Nxe3 26.
Rxc8+ Rxc8 27. fxe3 Bxa3 28. Ra5 Bc1 29. Kf2 a3 30. Ne4 Rb8 31. Kf3 h6 32. Nc5
Bb2 33. h3 g6 34. Ke4 Rd8 35. Nd3 Rd5 36. Ra8+ Kg7 37. Nxb2 axb2 38. Rb8 h5 39.
Rxb2 Rd7 40. Rb5 Kf6 41. Kd3 h4 42. e4 Ra7 43. Rc5 Ra2 44. Rc2 Ra3+ 45. Rc3 Ra2
46. Rc2 1/2-1/2

[Event "SK Johanneum Eppendorf II - Hamburger SK V"]
[Site "Landesliga Hamburg 2022/23"]
[Date "2023.05.07"]
[Round "9.8"]
[White "Markovic, Daniel"]
[Black "Lu, Yunong Elias"]
[Result "1-0"]
[WhiteElo "1940"]
[BlackElo "1823"]
[PlyCount "127"]

1. e4 c6 2. d4 d5 3. exd5 cxd5 4. c4 Nf6 5. Nc3 g6 6. Nf3 Bg7 7. Be3 O-O 8. h3
b6 9. Be2 Bb7 10. O-O dxc4 11. Bxc4 Nc6 12. Qd2 Nb4 13. Be2 Nbd5 14. Rad1 Rc8
15. Nxd5 Bxd5 16. b3 Ne4 17. Qb2 Nc3 18. Rc1 Bxf3 19. Bxf3 Bxd4 20. Bxd4 Qxd4
21. Rfe1 Qf6 22. Kh1 e6 23. Rc2 Rc7 24. Rec1 Rfc8 25. Be2 Nxe2 26. Qxf6 Rxc2
27. Rxc2 Rxc2 28. a4 Rc8 29. Qf3 Nd4 30. Qb7 Rc1+ 31. Kh2 Nc6 32. Qc7 Rc2 33.
b4 Nxb4 34. Qd8+ Kg7 35. Qd4+ Kg8 36. Qxb4 Rc5 37. f4 h5 38. Qe4 Rd5 39. Kg1
Kg7 40. Kf2 Kg8 41. Kg3 Ra5 42. Qa8+ Kg7 43. Qe8 Rd5 44. Kh4 Rf5 45. g3 Rd5 46.
Qe7 Ra5 47. Qd7 Kg8 48. g4 hxg4 49. hxg4 a6 50. Qc6 Kg7 51. Qd7 Rd5 52. Qc6 Ra5
53. Qc3+ Kg8 54. Qd4 Kh7 55. Qf6 Kg8 56. Qe7 Kg7 57. Qb4 Kg8 58. Qxb6 Rxa4 59.
Kg5 Kg7 60. Qb2+ Kf8 61. Qb8+ Ke7 62. Qc7+ Kf8 63. Kf6 Rxf4+ 64. Qxf4 1-0

[Event "SK Weisse Dame - TV Fischbek"]
[Site "Landesliga Hamburg 2022/23"]
[Date "2023.05.07"]
[Round "9.9"]
[White "Serrer, Christoph"]
[Black "Popist, Florian"]
[Result "1/2-1/2"]
[WhiteElo "2268"]
[BlackElo "2179"]
[PlyCount "23"]

1. d4 d5 2. Nf3 Nf6 3. c4 dxc4 4. e3 e6 5. Bxc4 c5 6. O-O Nc6 7. dxc5 Qxd1 8.
Rxd1 Bxc5 9. a3 O-O 10. Nc3 Bd7 11. Bd2 Rfd8 12. Rac1 1/2-1/2

[Event "SK Weisse Dame - TV Fischbek"]
[Site "Landesliga Hamburg 2022/23"]
[Date "2023.05.07"]
[Round "9.10"]
[White "Schoeneshoefer, Adrian"]
[Black "de Voogt, Juergen"]
[Result "0-1"]
[WhiteElo "2005"]
[BlackElo "2242"]
[PlyCount "136"]

1. d4 Nf6 2. g3 c5 3. d5 d6 4. Bg2 g6 5. c4 Bg7 6. Nc3 O-O 7. e4 Nbd7 8. Nf3 b5
9. cxb5 a6 10. b6 Qxb6 11. O-O a5 12. Re1 Rb8 13. h3 c4 14. Na4 Qc7 15. Qc2 Ba6
16. Be3 Rfc8 17. Bd4 Bh6 18. Bf1 Ne8 19. Rab1 Ne5 20. Nxe5 dxe5 21. Be3 Bxe3
22. Rxe3 Nd6 23. Nc3 Rb4 24. h4 Qa7 25. Kg2 Bb5 26. h5 Bd7 27. hxg6 hxg6 28.
Be2 Kg7 29. Bf3 Qb6 30. Re2 Rb8 31. Rh1 f6 32. Qc1 Nf7 33. Nd1 Ba4 34. Ne3 Bb5
35. Rc2 Ba6 36. Nd1 Qd4 37. Rd2 Qc5 38. Nc3 Qd6 39. Rc2 Rd8 40. Bg4 Bc8 41.
Bxc8 Rxc8 42. a3 Rb3 43. Qd2 Qb6 44. Qe2 Nd6 45. Qd2 Rg8 46. Qh6+ Kf7 47. Qh7+
Rg7 48. Qh8 f5 49. Rh7 Ne8 50. exf5 gxf5 51. Rxg7+ Nxg7 52. Rd2 Rxb2 53. Na4
Qb8 54. Qxb8 Rxb8 55. Rc2 Rb3 56. Rxc4 Rxa3 57. Nc5 Ne8 58. Nd7 e4 59. Rc8 Nd6
60. Ne5+ Kf6 61. Nd7+ Kg7 62. Rc7 Ra2 63. Ne5 Kf6 64. Nd7+ Kg5 65. Kf1 a4 66.
Ne5 Rd2 67. Nc6 a3 68. Nb4 Rb2 0-1

[Event "SK Weisse Dame - TV Fischbek"]
[Site "Landesliga Hamburg 2022/23"]
[Date "2023.05.07"]
[Round "9.12"]
[White "Lansky, Georg"]
[Black "Brandt, Carina"]
[Result "1-0"]
[WhiteElo "2061"]
[BlackElo "2066"]
[PlyCount "137"]

1. e4 c6 2. d4 d5 3. Nd2 dxe4 4. Nxe4 Nf6 5. Nxf6+ exf6 6. c3 Bd6 7. Bd3 O-O 8.
Qc2 Re8+ 9. Ne2 h5 10. Be3 Nd7 11. O-O-O b5 12. Nf4 b4 13. c4 b3 14. Qxb3 c5
15. dxc5 Be5 16. c6 Rb8 17. cxd7 Bxd7 18. Qc2 Bxb2+ 19. Kd2 Qa5+ 20. Ke2 Ba4
21. Bh7+ Kh8 22. Rd5 Bxc2 23. Rxa5 Bxh7 24. Nd3 Bd4 25. Rd1 h4 26. Rd5 Bxe3 27.
fxe3 Kg8 28. Rd7 Re4 29. Nf2 Re6 30. Rd8+ Re8 31. Rxe8+ Rxe8 32. Rd7 Ra8 33.
Kd2 Bf5 34. Rc7 a5 35. Kc3 Kf8 36. Rc5 Be6 37. Rh5 Ke7 38. Rxh4 Rb8 39. Rd4 Rb1
40. Rd1 Rb4 41. Rd4 Rb1 42. Nd3 g5 43. Nc5 Rc1+ 44. Kb3 Rb1+ 45. Ka4 Rb2 46.
Nxe6 fxe6 47. a3 Rxg2 48. c5 Rxh2 49. Kxa5 Rc2 50. Kb6 Rb2+ 51. Rb4 Rxb4+ 52.
axb4 g4 53. c6 g3 54. c7 g2 55. c8=Q g1=Q 56. Qc5+ Kd7 57. Qd4+ Ke7 58. Kc6
Qg2+ 59. e4 Qc2+ 60. Kb7 Qb1 61. Qc5+ Kd7 62. Qc6+ Ke7 63. b5 Qb2 64. Qc5+ Kd7
65. b6 f5 66. Qc7+ Ke8 67. Kc8 Qe2 68. Qc6+ Kf8 69. b7 1-0

[Event "SK Weisse Dame - TV Fischbek"]
[Site "Landesliga Hamburg 2022/23"]
[Date "2023.05.07"]
[Round "9.13"]
[White "Rolf, Marco"]
[Black "Schiele, Lars"]
[Result "1-0"]
[WhiteElo "2076"]
[BlackElo "2050"]
[PlyCount "123"]

1. d4 Nf6 2. c4 e6 3. Nc3 Bb4 4. Qc2 c5 5. dxc5 Na6 6. Nf3 O-O 7. g3 Bxc5 8. a3
Be7 9. Bg2 Nc7 10. O-O d5 11. Rd1 Qe8 12. Bf4 Qc6 13. Ne5 Qa6 14. e4 dxc4 15.
Bf1 b5 16. a4 b4 17. Nb5 Nxb5 18. axb5 Qxb5 19. Bxc4 Qc5 20. Kg2 Bb7 21. f3
Rac8 22. b3 Rfd8 23. Qe2 a5 24. Nd3 Qa7 25. Be3 Qa8 26. Bb6 Qb8 27. Bxa5 Rd7
28. Qe3 Ba8 29. Qe1 Rd4 30. Nf2 Bc5 31. Rxd4 Bxd4 32. Rd1 Qe5 33. Bxb4 h5 34.
f4 Bxf2 35. fxe5 Bxe1 36. Rxe1 Nxe4 37. Kg1 Ng5 38. Kf1 Nf3 39. Re2 Rd8 40. Bd6
Bc6 41. h4 Nd4 42. Rd2 Nf5 43. Kf2 Nxd6 44. Rxd6 Rxd6 45. exd6 Kf8 46. Ke3 e5
47. b4 Ke8 48. b5 Bb7 49. d7+ Kxd7 50. Bxf7 Kd6 51. Bxh5 Kc5 52. Bf3 Bc8 53.
Be2 Bb7 54. g4 Bc8 55. g5 Bf5 56. h5 Bc2 57. Bd3 Bb3 58. Ke4 Kd6 59. Kf5 Bf7
60. Be2 Be8 61. h6 gxh6 62. gxh6 1-0

[Event "SK Weisse Dame - TV Fischbek"]
[Site "Landesliga Hamburg 2022/23"]
[Date "2023.05.07"]
[Round "9.14"]
[White "Ludwig, Jan"]
[Black "Schneider, Alexander"]
[Result "1/2-1/2"]
[WhiteElo "2045"]
[BlackElo "2078"]
[PlyCount "74"]

1. e4 c6 2. d4 d5 3. Nd2 dxe4 4. Nxe4 Bf5 5. Ng3 Bg6 6. Bc4 e6 7. N1e2 Bd6 8.
Nf4 Qc7 9. Ngh5 Bxf4 10. Nxf4 Ne7 11. h4 h6 12. Nxg6 Nxg6 13. h5 Ne7 14. Qg4
Rg8 15. Bd2 Nd7 16. O-O-O Nf6 17. Qf3 Ned5 18. g4 O-O-O 19. g5 hxg5 20. Bxg5
Rd7 21. Bb3 Nh7 22. Bd2 e5 23. Qf5 Nhf6 24. dxe5 g6 25. hxg6 fxg6 26. Qg5 Ne4
27. Qg4 Nxf2 28. Qe6 Rgd8 29. Bg5 Nxd1 30. Bxd8 Qxd8 31. Rxd1 Qg5+ 32. Kb1 Qf5
33. Bxd5 cxd5 34. Qe8+ Rd8 35. Qe7 Rd7 36. Qe8+ Rd8 37. Qe7 Rd7 1/2-1/2

[Event "SK Weisse Dame - TV Fischbek"]
[Site "Landesliga Hamburg 2022/23"]
[Date "2023.05.07"]
[Round "9.15"]
[White "Peters, Thomas"]
[Black "Kuhle, Sebastian"]
[Result "0-1"]
[WhiteElo "1901"]
[BlackElo "2032"]
[PlyCount "76"]

1. Nc3 Nf6 2. e4 e5 3. f4 d5 4. exd5 exf4 5. Bc4 Bd6 6. Qe2+ Qe7 7. Qxe7+ Bxe7
8. Nge2 Nh5 9. O-O g5 10. Nb5 Bd6 11. Nxd6+ cxd6 12. Nd4 a6 13. Be2 Ng7 14. c4
Nd7 15. b3 O-O 16. Bd3 Ne5 17. Bc2 Bg4 18. h3 Bh5 19. Ba3 Rfd8 20. Rae1 Bg6 21.
Bxd6 Nxc4 22. bxc4 Rxd6 23. Bxg6 hxg6 24. Re5 Rc8 25. d3 f6 26. Re7 b5 27. Nc6
Nf5 28. Ra7 Re8 29. Kf2 Kf8 30. Rxa6 Re3 31. Ra8+ Kg7 32. Ra7+ Kh6 33. cxb5
Rxd5 34. Re1 Rxb5 35. Rxe3 fxe3+ 36. Kf3 Rb2 37. Nd4 Rf2+ 38. Ke4 Rf4+ 0-1

[Event "SK Weisse Dame - TV Fischbek"]
[Site "Landesliga Hamburg 2022/23"]
[Date "2023.05.07"]
[Round "9.16"]
[White "Purniel Umpierre, Christian"]
[Black "Serrer, David"]
[Result "1-0"]
[WhiteElo "1975"]
[BlackElo "1789"]
[PlyCount "49"]

1. Nf3 d5 2. g3 Nf6 3. Bg2 e6 4. O-O Be7 5. d3 O-O 6. Nbd2 Nc6 7. c4 e5 8. cxd5
Nxd5 9. a3 a5 10. Nc4 f6 11. e4 Nb6 12. Nxb6 cxb6 13. Qb3+ Kh8 14. h3 Bc5 15.
Be3 Nd4 16. Nxd4 Bxd4 17. Rac1 Qd6 18. Bxd4 Qxd4 19. Rc7 Rd8 20. Rfc1 a4 21.
Qf7 Rg8 22. R1c3 Qd6 23. Re7 b5 24. Re8 Bd7 25. Qxg8# 1-0

[Event "FC St. Pauli III - SC Diogenes II"]
[Site "Landesliga Hamburg 2022/23"]
[Date "2023.05.07"]
[Round "9.17"]
[White "Neumann, Michael"]
[Black "Kahlert, Thomas"]
[Result "1-0"]
[WhiteElo "2126"]
[BlackElo "2145"]
[PlyCount "103"]

1. e4 e5 2. Nf3 Nc6 3. Nc3 Nf6 4. d4 exd4 5. Nxd4 Bb4 6. Nxc6 bxc6 7. Bd3 O-O
8. O-O d5 9. exd5 cxd5 10. h3 Re8 11. Qf3 c6 12. Bf4 Bd6 13. Rfe1 Rb8 14. b3
Be6 15. Rad1 Qc7 16. Ne2 Bxf4 17. Nxf4 Qd6 18. c4 d4 19. c5 Qxc5 20. Rc1 Qb4
21. Nxe6 fxe6 22. Qxc6 Rb6 23. Qc7 Re7 24. Qe5 Qd6 25. Rc8+ Kf7 26. Qg5 Rb8 27.
Rec1 Rxc8 28. Rxc8 Rc7 29. Rxc7+ Qxc7 30. Qb5 g6 31. a4 Nd5 32. Bc4 Nb6 33. Bf1
Nd5 34. Bc4 Nb6 35. Bf1 Nd5 36. g3 Nc3 37. Qd3 Qc5 38. Qf3+ Kg7 39. Bc4 Nd5 40.
Qe4 Kf6 41. h4 a5 42. h5 Nc7 43. Qf4+ Ke7 44. h6 Ne8 45. Qe4 Nc7 46. Qh4+ Kd7
47. Qf6 d3 48. Qg7+ Kd8 49. Bxd3 Ne8 50. Qxh7 Qc1+ 51. Bf1 Qg5 52. Qh8 1-0

[Event "FC St. Pauli III - SC Diogenes II"]
[Site "Landesliga Hamburg 2022/23"]
[Date "2023.05.07"]
[Round "9.18"]
[White "Thomaschke, Dirk"]
[Black "Rieling, Thomas"]
[Result "1-0"]
[WhiteElo "2154"]
[BlackElo "2085"]
[PlyCount "79"]

1. e4 e5 2. Nf3 Nc6 3. Bb5 f5 4. d3 fxe4 5. dxe4 Nf6 6. O-O Bc5 7. Qd3 d6 8.
Qc4 Qe7 9. Nc3 Bd7 10. Nd5 Nxd5 11. exd5 Nd4 12. Bxd7+ Qxd7 13. Nxd4 Bxd4 14.
a4 a5 15. Be3 Bxe3 16. fxe3 Rf8 17. Qh4 g6 18. Rxf8+ Kxf8 19. Rf1+ Kg8 20. Qf6
Re8 21. Rf3 Qg7 22. Qxg7+ Kxg7 23. e4 Rf8 24. Rb3 b6 25. g3 Rf7 26. Kg2 Rf8 27.
Rf3 Rc8 28. Kf2 Rb8 29. Rc3 Rc8 30. Rf3 Rb8 31. Ke2 Kg8 32. h4 Kg7 33. Rc3 Rc8
34. Kd3 Kf6 35. Kc4 Ke7 36. Kb5 Kd7 37. Rf3 Ke7 38. Kc6 b5 39. axb5 Rb8 40. c4
1-0

[Event "FC St. Pauli III - SC Diogenes II"]
[Site "Landesliga Hamburg 2022/23"]
[Date "2023.05.07"]
[Round "9.19"]
[White "Bartels, Holger"]
[Black "Goepfert, Jakob"]
[Result "1/2-1/2"]
[WhiteElo "2015"]
[BlackElo "2140"]
[PlyCount "47"]

1. e4 c6 2. d4 d5 3. exd5 cxd5 4. c4 Nf6 5. Nc3 g6 6. Qb3 Bg7 7. cxd5 O-O 8.
Be2 Nbd7 9. Bf3 Qb6 10. Qd1 Ne8 11. Nge2 Nd6 12. O-O Nf5 13. Na4 Qb5 14. Nac3
Qb6 15. Na4 Qb5 16. Nac3 Qc4 17. b3 Qa6 18. Bf4 Rd8 19. a4 Qf6 20. Ne4 Qa6 21.
N4c3 Qf6 22. Ne4 Qa6 23. N4c3 Qf6 24. Ne4 1/2-1/2

[Event "FC St. Pauli III - SC Diogenes II"]
[Site "Landesliga Hamburg 2022/23"]
[Date "2023.05.07"]
[Round "9.20"]
[White "Thieme, Daniel Otis"]
[Black "Hohlfeld, Wolfgang"]
[Result "1-0"]
[WhiteElo "2080"]
[BlackElo "2050"]
[PlyCount "81"]

1. d4 d5 2. c4 dxc4 3. Nf3 Nf6 4. Na3 g6 5. Nxc4 Bg7 6. g3 O-O 7. Bg2 c6 8. O-O
Be6 9. Qc2 h6 10. Rd1 Nbd7 11. Bd2 Nb6 12. Nce5 Bd5 13. Rac1 Qd6 14. b3 Rac8
15. Bf4 Qa3 16. Nd3 Nbd7 17. Bd2 Be4 18. Bb4 Qxb4 19. Nxb4 Bxc2 20. Rxc2 Rfd8
21. Rdc1 e6 22. e3 Re8 23. Nd3 Rcd8 24. Kf1 Nd5 25. Nd2 N5f6 26. Nc4 Nb6 27.
Na5 Re7 28. Bxc6 bxc6 29. Nxc6 Red7 30. Nde5 Nfd5 31. Nxd8 Rxd8 32. Nc6 Rd7 33.
Rc5 Kh7 34. Ra5 Nc8 35. Ne5 Bxe5 36. Rxc8 Bd6 37. Ra8 Rc7 38. R5xa7 Rc1+ 39.
Kg2 Nc7 40. Rd8 Rc6 41. Rxd6 1-0

[Event "FC St. Pauli III - SC Diogenes II"]
[Site "Landesliga Hamburg 2022/23"]
[Date "2023.05.07"]
[Round "9.21"]
[White "Hein, Ralf"]
[Black "David, Torsten"]
[Result "1/2-1/2"]
[WhiteElo "2029"]
[BlackElo "2039"]
[PlyCount "73"]

1. c4 Nf6 2. Nc3 e6 3. d4 Bb4 4. Bd2 d5 5. e3 O-O 6. Nf3 b6 7. cxd5 exd5 8. a3
Bd6 9. Qc2 c6 10. Bd3 Ba6 11. Rc1 Bxd3 12. Qxd3 Nbd7 13. O-O Re8 14. Ne2 Rc8
15. Rc2 Qc7 16. Rfc1 Qb7 17. b4 b5 18. Qf5 Ne4 19. Ng5 Ndf6 20. Nxe4 Nxe4 21.
Be1 Bb8 22. Ng3 Bxg3 23. hxg3 Nd6 24. Qd3 f5 25. f3 Qd7 26. Bf2 Nc4 27. Re2 Re7
28. e4 fxe4 29. fxe4 dxe4 30. Rxe4 Rxe4 31. Qxe4 Re8 32. Qf3 Qd5 33. Qb3 h5 34.
a4 a6 35. axb5 axb5 36. Qd3 Qe4 37. Qf3 1/2-1/2